000 00467nmm a2200157Ia 4500
008 251105s9999||||xx |||||||||||||||||und||
020 _a9789587382969
041 _aspa
100 _aForero Benavides, Abelardo
245 0 _aCuatro coches viajan hacia Bayona
264 _a[Bogotá, Colombia] :
_bUniversidad del Rosario,
_c2013
300 _a255 páginas
650 _aHistory (General)
856 _uhttps://public.digitaliapublishing.com/a/60934
942 _cCF
999 _c95738
_d95738